| 000 | 00883nam a2200301 a 4500 | ||
|---|---|---|---|
| 999 |
_c419 _d419 |
||
| 001 | 017199950 | ||
| 003 | UkOxU | ||
| 005 | 20190814110044.0 | ||
| 008 | 091210r20102009enkab b 001 0 eng d | ||
| 015 |
_aGBA9C4755 _2bnb |
||
| 020 | _a9780007351572 (pbk.) : | ||
| 020 | _a0007351577 (pbk.) : | ||
| 035 | _a(Uk)015447774 | ||
| 035 | _a(StEdALDL)1/2284918 | ||
| 040 |
_aStDuBDS _beng _cStDuBDS _dUkOxU |
||
| 042 | _aukscp | ||
| 082 | 0 | 4 |
_a912 PAR _222 |
| 100 | 1 |
_aParker, Mike, _d1966- _eauthor |
|
| 245 | 1 | 0 |
_aMap addict : _ba tale of obsession, fudge & the Ordnance Survey / _cMike Parker. |
| 260 |
_aLondon : _bCollins, _c2010. |
||
| 300 |
_a330 p. : _bill., maps ; _c20 cm. |
||
| 500 | _aFirst published: 2009. | ||
| 504 | _aIncludes bibliographical references and index. | ||
| 650 | 0 | _aMaps. | |
| 942 |
_2ddc _cNFIC |
||
| 948 | _escp | ||